| 000 | 00623nam a22001697a 4500 | ||
|---|---|---|---|
| 003 | BD-DhUL | ||
| 005 | 20160904150221.0 | ||
| 008 | 160904b xxu||||| |||| 00| 0 eng d | ||
| 040 | _cBD-DhUL | ||
| 082 |
_a945.05 _bTAE |
||
| 100 | _aত্রিপাঠী, অমলেকা | ||
| 245 |
_aইতালীর র্যনশাঁস, বাঙালীর সংস্কৃতি / _cত্রিপাঠী, অমলেকা |
||
| 260 |
_aঢাকা : _bআনন্দ, _c১৯৯৪. |
||
| 300 |
_a১২০ পৃ. ; _c২২ সেমি. |
||
| 650 |
_aইতিহাস _vHistory |
||
| 942 |
_2ddc _cBK |
||
| 999 |
_c103923 _d103923 |
||